The little mouse, the red ripe strawberry, and the big hungry bear / (Record no. 1920)
[ view plain ]
| 000 -LEADER | |
|---|---|
| fixed length control field | 00913pam a2200265 a 4500 |
| 005 - DATE AND TIME OF LATEST TRANSACTION | |
| control field | 20231010143555.0 |
| 020 ## - INTERNATIONAL STANDARD BOOK NUMBER | |
| International Standard Book Number | 0859531821 |
| 020 ## - INTERNATIONAL STANDARD BOOK NUMBER | |
| International Standard Book Number | 0859530124 (pbk.) |
| 040 ## - CATALOGING SOURCE | |
| Original cataloging agency | DLC |
| Transcribing agency | DLC |
| Modifying agency | DLC |
| -- | FISKH |
| Language of cataloging | eng |
| 050 00 - LIBRARY OF CONGRESS CALL NUMBER | |
| Classification number | PZ7.W84737 |
| Item number | Li 1990 |
| 082 00 - DEWEY DECIMAL CLASSIFICATION NUMBER | |
| Classification number | [E] |
| Edition number | 20 |
| 100 1# - MAIN ENTRY--PERSONAL NAME | |
| Personal name | Wood, Don, |
| Dates associated with a name | 1945- |
| 245 14 - TITLE STATEMENT | |
| Title | The little mouse, the red ripe strawberry, and the big hungry bear / |
| Statement of responsibility, etc. | by Don and Audrey Wood ; illustrated by Don Wood. |
| 260 ## - PUBLICATION, DISTRIBUTION, ETC. | |
| Place of publication, distribution, etc. | New York : |
| Name of publisher, distributor, etc. | Child's Play (International), |
| Date of publication, distribution, etc. | 1990. |
| 300 ## - PHYSICAL DESCRIPTION | |
| Extent | 15 unnumbered pages : |
| Other physical details | color illustrations ; |
| Dimensions | 25 x 23 cm. |
| 505 ## - FORMATTED CONTENTS NOTE | |
| Formatted contents note | H |
| 520 ## - SUMMARY, ETC. | |
| Summary, etc. | Little Mouse worries that the big, hungry bear will take his freshly picked, ripe, red strawberry for himself. |
| 521 ## - TARGET AUDIENCE NOTE | |
| Target audience note | 510 <br/> |
| Source | Lexile |
| 521 ## - TARGET AUDIENCE NOTE | |
| Target audience note | H <br/> |
| Source | Raz-Plus |
| 650 #1 - SUBJECT ADDED ENTRY--TOPICAL TERM | |
| Topical term or geographic name entry element | Mice |
| General subdivision | Fiction. |
| 650 #1 - SUBJECT ADDED ENTRY--TOPICAL TERM | |
| Topical term or geographic name entry element | Strawberries |
| General subdivision | Fiction. |
| 700 1# - ADDED ENTRY--PERSONAL NAME | |
| Personal name | Wood, Audrey. |
| Relator term | author |
| 942 ## - ADDED ENTRY ELEMENTS (KOHA) | |
| Source of classification or shelving scheme | Dewey Decimal Classification |
| Koha item type | Books |
| Suppress in OPAC | No |
| 999 ## - | |
| -- | 1920 |
| -- | 1920 |
| Withdrawn status | Lost status | Source of classification or shelving scheme | Damaged status | Not for loan | Collection | Home library | Current library | Shelving location | Date acquired | Total Checkouts | Full call number | Barcode | Date last seen | Price effective from | Koha item type |
|---|---|---|---|---|---|---|---|---|---|---|---|---|---|---|---|
| Dewey Decimal Classification | Juvenile Fiction | Footprints International School Library Network Toul Kork Campus | Footprints International School Library Network Toul Kork Campus | TK Primary Library Room(4th Floor), Bookcase 3&4, Shelves 17-32, Yellow Books | 10/10/2023 | WOO 823 PZ7.W84737 | FISBK05490 | 10/10/2023 | 10/10/2023 | Books |
